| 000 | 00572nmm a22001937a 4500 | ||
|---|---|---|---|
| 005 | 20160211143454.0 | ||
| 008 | 150626b xxu||||| |||| 00| 0 spa d | ||
| 041 | _aeng | ||
| 082 | _aSE 93 | ||
| 100 |
_aNúñez Roldán, Priscilla _93647 |
||
| 245 | _aInforme de práctica supervisada realizada en la Universidad de Costa Rica | ||
| 260 | _c2015 | ||
| 650 |
_aSECRETARIADO EJECUTIVO _93648 |
||
| 650 |
_aLABORATORIO NACIONAL DE MATERIALES _93649 |
||
| 650 |
_aARCHIVO _93521 |
||
| 650 |
_aTIPOS DOCUMENTALES _93527 |
||
| 650 |
_aSERVICIO AL CLIENTE _91558 |
||
| 942 | _cIP | ||
| 999 |
_c6310 _d6310 |
||